000 01008nam1a2200277 i 4500
001 RU\NLR\BIBL_A\010857487
005 20260406052433.0
035 _a(NLR Aleph) 010857487
090 _a10404314
_c10404314
100 _a20150915g20159999m y0rusy50 ca
101 0 _arus
102 _aRU
105 _a z
200 1 _aОт восхода до заката
_eдинастия Неру - Ганди
_fФ.Н. Юрлов
_gРос. акад. наук, Ин-т востоковедения
210 _aМосква
_cИВ РАН
_d2015
215 _d22
602 _aНеру-Ганди (династия)
_92264382
_3RU\NLR\AUTH\6601587102
686 1 _aТ214(5Ид)
686 1 _aТ3(5Ид)6-5
700 1 _7ca
_8rus
_aЮрлов
_bФ. Н.
_gФеликс Николаевич
_9117354
_3RU\NLR\AUTH\777419
722 _aНеру - Ганди (семья)
_9152810
_3RU\NLR\AUTH\770152848
852 _aNLR
_j2015-5/7078
942 _cBOOK
980 _aNBR